The JCT 2011 building sub-contract (Record no. 115714)
[ view plain ]
| 000 -LEADER | |
|---|---|
| fixed length control field | 01908cam a22003855a 4500 |
| 001 - CONTROL NUMBER | |
| control field | L159164 |
| 008 - FIXED-LENGTH DATA ELEMENTS--GENERAL INFORMATION | |
| fixed length control field | 070413s2016 xxk f 000 0 eng d |
| 020 ## - INTERNATIONAL STANDARD BOOK NUMBER | |
| International Standard Book Number | 9781118655634 |
| 035 ## - SYSTEM CONTROL NUMBER | |
| System control number | (Sirsi) u159164 |
| 041 0# - LANGUAGE CODE | |
| Language code of text/sound track or separate title | eng |
| 050 04 - LIBRARY OF CONGRESS CALL NUMBER | |
| Classification number | 692.8 $2 18 |
| -- | 343.4107869 $2 22 |
| 100 1# - MAIN ENTRY--PERSONAL NAME | |
| Personal name | Barnes, Peter |
| 245 04 - TITLE STATEMENT | |
| Title | The JCT 2011 building sub-contract |
| 260 ## - PUBLICATION, DISTRIBUTION, ETC. | |
| Place of publication, distribution, etc. | London |
| Name of publisher, distributor, etc. | John Wiley & Sons |
| Date of publication, distribution, etc. | 2016 |
| 300 ## - PHYSICAL DESCRIPTION | |
| Extent | 273 p. |
| 505 2# - FORMATTED CONTENTS NOTE | |
| Formatted contents note | Backround and introduction -- The sub-contract agreement -- Definitions and Interpretations -- Sub-contractor's general obligations -- Time -- Defects, design documents and warranties -- Control of the sub-contract works -- Payment -- Loss and expense -- Variations -- Injury, damage nad insurance -- Termination of sub-contract -- Settlement of disputes |
| 520 ## - SUMMARY, ETC. | |
| Summary, etc. | Covers the range of JCT 2011 sub-contracts and looks at the key contract conditions, the rights and obligations of the parties and how risk is allocated. Discusses the main practical problems that arise. |
| 590 ## - LOCAL NOTE (RLIN) | |
| Local note | KA |
| 650 24 - SUBJECT ADDED ENTRY--TOPICAL TERM | |
| Topical term or geographic name entry element | JCT STANDARD BUILDING SUBCONTRACT (2011 EDITION) |
| 650 24 - SUBJECT ADDED ENTRY--TOPICAL TERM | |
| Topical term or geographic name entry element | JCT STANDARD BUILDING SUBCONTRACT WITH SUBCONTRACTOR'S DESIGN (2011 EDITION) |
| 650 24 - SUBJECT ADDED ENTRY--TOPICAL TERM | |
| Topical term or geographic name entry element | JCT DESIGN AND BUILD SUBCONTRACT (2011 EDITION) |
| 650 24 - SUBJECT ADDED ENTRY--TOPICAL TERM | |
| Topical term or geographic name entry element | JCT MAJOR PROJECT SUBCONTRACT (2011 EDITION) |
| 650 24 - SUBJECT ADDED ENTRY--TOPICAL TERM | |
| Topical term or geographic name entry element | JCT INTERMEDIATE SUBCONTRACT (2011 EDITION) |
| 650 24 - SUBJECT ADDED ENTRY--TOPICAL TERM | |
| Topical term or geographic name entry element | JCT INTERMEDIATE SUBCONTRACT WITH SUBCONTRACTOR'S DESIGN (2011 EDITION) |
| 650 24 - SUBJECT ADDED ENTRY--TOPICAL TERM | |
| Topical term or geographic name entry element | JCT INTERMEDIATE NAMED SUBCONTRACT (2011 EDITION) |
| 650 24 - SUBJECT ADDED ENTRY--TOPICAL TERM | |
| Topical term or geographic name entry element | JCT MINOR WORKS SUBCONTRACT WITH CONTRACTOR'S DESIGN (2011 EDITION) |
| 650 24 - SUBJECT ADDED ENTRY--TOPICAL TERM | |
| Topical term or geographic name entry element | JCT SHORT FORM OF SUBCONTRACT (2011 EDITION) |
| 650 24 - SUBJECT ADDED ENTRY--TOPICAL TERM | |
| Topical term or geographic name entry element | JCT SUB-SUBCONTRACT (2011 EDITION) |
| 650 24 - SUBJECT ADDED ENTRY--TOPICAL TERM | |
| Topical term or geographic name entry element | JCT MANAGEMENT WORKS CONTRACT (2011 EDITION) |
| 651 #4 - SUBJECT ADDED ENTRY--GEOGRAPHIC NAME | |
| Geographic name | United Kingdom |
| Chronological subdivision | |
| 690 ## - LOCAL SUBJECT ADDED ENTRY--TOPICAL TERM (OCLC, RLIN) | |
| Topical term or geographic name as entry element | Contracts |
| 9 (RLIN) | 6232 |
| 700 1# - ADDED ENTRY--PERSONAL NAME | |
| Personal name | Davies, Matthew |
| 942 ## - ADDED ENTRY ELEMENTS (KOHA) | |
| Suppress in OPAC | 0 |
| Withdrawn status | Lost status | Source of classification or shelving scheme | Damaged status | Not for loan | Home library | Current library | Shelving location | Date acquired | Total Checkouts | Full call number | Barcode | Date last seen | Copy number | Price effective from | Koha item type |
|---|---|---|---|---|---|---|---|---|---|---|---|---|---|---|---|
| Dewey Decimal Classification | London | London | Books | 16/02/2016 | 692.8 BAR | 30078857 | 06/08/2019 | 1 | 06/08/2019 | Book |